A Coca-Cola népszerűsége a vendéglátásban

Bibliographic Details
Main Author: Horváth Petra
Other Authors: Fekete-Frojimovics Dr. Zsófia
Format: Thesis
Kulcsszavak:Coca-Cola
Online Access:http://dolgozattar.uni-bge.hu/13054

MARC

LEADER 00000nta a2200000 i 4500
001 dolg13054
005 20180502150127.0
008 171128suuuu hu om 000 hun d
040 |a BGE Dolgozattár Repozitórium  |b hun 
041 |a hu 
100 1 |a Horváth Petra 
245 1 2 |a A Coca-Cola népszerűsége a vendéglátásban  |c Horváth Petra  |h [elektronikus dokumentum] 
246 1 1 |a A Coca-Cola népszerűsége a vendéglátásban 
695 |a Coca-Cola 
700 1 |a Fekete-Frojimovics Dr. Zsófia  |e ths 
856 4 0 |u http://dolgozattar.uni-bge.hu/13054/1/A%20Coca-Cola%20n%C3%A9pszer%C5%B1s%C3%A9ge%20a%20vend%C3%A9gl%C3%A1t%C3%A1sban..pdf  |z Dokumentum-elérés